| 000 | 00593nam a2200205Ia 4500 | ||
|---|---|---|---|
| 003 | GCL | ||
| 008 | 140319s9999 xx 000 0 ara d | ||
| 040 |
_aGCL / _cGCL |
||
| 082 | 0 | 4 |
_a188.4 _bب س |
| 100 | 1 | _aمنصور القاضى | |
| 245 | 1 | 0 |
_aسبينوزا والسياسة / _cمنصور القاضى |
| 700 | 1 | _aباليبار، اتيان | |
| 260 |
_a[S.N] : _bالمؤسسة الحديثة للكتاب ، _c1993 |
||
| 300 | _a144 | ||
| 490 | _a | ||
| 650 | 0 | 4 | _aالفلسفة |
| 650 | 0 | 4 | _aاللاهوت |
| 650 | 0 | 4 | _aالمسيحية والسياسة |
| 942 |
_2ddc _cBK |
||
| 999 |
_c31689 _d31689 |
||